=LDR 00000nam 2200000 4500 =001 INLIS000000000040947 =005 20130612150512 =008 ***********************************ind** =035 ##$$0010-061300000040947 =041 ##$$a ind =082 ##$$a 741.5 =090 ##$$a 741.5, Dhi k =100 ##$$a DHIRGANTORO, Yuniarto Donny =245 ##$$a Komik sincan, Yuniarto donny dhirgantoro =260 ##$$a 2011 $b Jakarta =300 ##$$a 172 Hlm, Ilus, 23 cm =650 ##$$a KOMIK - BACAAN =850 ##$$a NBPNMAT